Una introducción al Nuevo Testamento
Uloženo v:
| Hlavní autor: | |
|---|---|
| Další autoři: | |
| Médium: | Kniha |
| Jazyk: | španělština |
| Vydáno: |
Barcelona
Clie
2008
|
| Témata: | |
| Tagy: |
Přidat tag
Žádné tagy, Buďte první, kdo vytvoří štítek k tomuto záznamu!
|
MARC
| LEADER | 00000nam a22000005a 4500 | ||
|---|---|---|---|
| 003 | CL-ChBUA | ||
| 005 | 20130516170406.0 | ||
| 008 | 130516s2008 xxu||||| |||| 000 ||spa | ||
| 020 | |a 9788482675442 | ||
| 040 | |a CL-ChBUA |c CL-ChBUA | ||
| 082 | 0 | 0 | |a 225.61 |
| 100 | 1 | |a Carson, D.A. | |
| 245 | 1 | 0 | |a Una introducción al Nuevo Testamento |
| 260 | |a Barcelona |b Clie |c 2008 | ||
| 300 | |a 663 p. |c 25 cm. | ||
| 504 | |a índice | ||
| 650 | 4 | |a NUEVO TESTAMENTO - INTRODUCCION | |
| 700 | 1 | |a Moo, Douglas J. | |
| 942 | |2 ddc |c LIB | ||
| 952 | |0 0 |1 0 |2 ddc |4 0 |6 225_610000000000000_C_321 |7 0 |9 1136724 |a UNACH |b UNACH |c 200 |d 2013-05-16 |i 50.755 |l 45 |m 15 |o 225.61 / C 321 |p 72687 |r 2026-04-09 19:57:26 |s 2025-11-27 |t 1 |w 2013-05-16 |y LIB | ||
| 999 | |c 2059936 |d 2059936 | ||